[Event "The Blackthorne Irish Championship 2019"]
[Site "Talbot Stillorgan Hotel, Dublin, Ireland"]
[Date "2019.08.04"]
[Round "2"]
[Board "8"]
[White "Murray, David"]
[Black "Ryan, Joe"]
[Result "0-1"]
[WhiteElo "2126"]
[BlackElo "2268"]
[PlyCount "0"]
[EventDate "2019.08.03"]
[EventRounds "9"]
[EventCountry "IRL"]

1. e4 {[%clk 01:45:57]} {[%emt 00:00:02]} e6 {[%clk 01:45:27]} {[%emt
00:00:33]} 2. d4 {[%clk 01:46:19]} {[%emt 00:00:08]} d5 {[%clk 01:45:51]}
{[%emt 00:00:06]} 3. Nc3 {[%clk 01:46:39]} {[%emt 00:00:11]} Bb4 {[%clk
01:45:32]} {[%emt 00:00:48]} 4. e5 {[%clk 01:46:45]} {[%emt 00:00:24]} Qd7
{[%clk 01:45:45]} {[%emt 00:00:16]} 5. Qg4 {[%clk 01:44:26]} {[%emt 00:02:51]}
f5 {[%clk 01:45:13]} {[%emt 00:01:00]} 6. Qg3 {[%clk 01:43:56]} {[%emt
00:01:01]} b6 {[%clk 01:43:01]} {[%emt 00:02:41]} 7. Nge2 {[%clk 01:40:41]}
{[%emt 00:03:46]} Ba6 {[%clk 01:37:22]} {[%emt 00:06:09]} 8. Nf4 {[%clk
01:38:43]} {[%emt 00:02:28]} Bxf1 {[%clk 01:37:10]} {[%emt 00:00:41]} 9. Kxf1
{[%clk 01:38:35]} {[%emt 00:00:39]} Bf8 {[%clk 01:34:15]} {[%emt 00:03:23]} 10.
a4 {[%clk 01:34:43]} {[%emt 00:04:23]} Nc6 {[%clk 01:33:19]} {[%emt 00:01:26]}
11. Be3 {[%clk 01:31:58]} {[%emt 00:03:16]} Nb4 {[%clk 01:29:01]} {[%emt
00:04:47]} 12. Rc1 {[%clk 01:30:09]} {[%emt 00:02:20]} a5 {[%clk 01:17:27]}
{[%emt 00:12:04]} 13. Qh3 {[%clk 01:22:47]} {[%emt 00:07:52]} Qf7 {[%emt
00:14:43]} 14. g4 {[%clk 01:15:08]} Ne7 {[%clk 00:57:53]} {[%emt 00:13:59]} 15.
Nb5 {[%clk 01:12:25]} {[%emt 00:03:14]} O-O-O {[%clk 00:56:06]} {[%emt
00:02:17]} 16. c3 {[%clk 01:05:38]} {[%emt 00:07:17]} Nbc6 {[%clk 00:51:33]}
{[%emt 00:05:02]} 17. g5 {[%clk 00:44:50]} {[%emt 00:21:19]} Ng6 {[%clk
00:44:58]} {[%emt 00:07:05]} 18. Nxg6 {[%clk 00:40:34]} {[%emt 00:04:46]} Qxg6
{[%clk 00:44:34]} {[%emt 00:00:54]} 19. c4 {[%clk 00:37:29]} {[%emt 00:03:35]}
Nb4 {[%clk 00:41:51]} {[%emt 00:03:13]} 20. Bd2 {[%clk 00:35:03]} {[%emt
00:02:56]} Na2 {[%clk 00:27:33]} {[%emt 00:14:49]} 21. Ra1 {[%clk 00:32:54]}
{[%emt 00:02:38]} f4 {[%clk 00:27:39]} {[%emt 00:00:24]} 22. cxd5 {[%clk
00:19:09]} {[%emt 00:14:15]} Rxd5 {[%clk 00:23:19]} {[%emt 00:04:50]} 23. Rg1
{[%clk 00:06:18]} {[%emt 00:13:22]} c6 {[%clk 00:19:55]} {[%emt 00:03:54]} 24.
Rxa2 {[%clk 00:04:20]} {[%emt 00:02:29]} cxb5 {[%clk 00:16:39]} {[%emt
00:03:45]} 25. Kg2 {[%clk 00:03:45]} {[%emt 00:01:05]} Qe4+ {[%clk 00:12:15]}
{[%emt 00:04:53]} 26. f3 {[%clk 00:03:05]} {[%emt 00:01:10]} Qxd4 {[%clk
00:12:09]} {[%emt 00:00:36]} 27. Qxe6+ {[%clk 00:02:54]} {[%emt 00:00:42]} Kb7
{[%clk 00:12:18]} {[%emt 00:00:20]} 28. Bxf4 {[%clk 00:01:59]} {[%emt
00:01:25]} Bc5 {[%clk 00:11:15]} {[%emt 00:01:33]} 29. Be3 {[%clk 00:01:53]}
{[%emt 00:00:37]} Qc4 {[%clk 00:10:40]} {[%emt 00:01:04]} 30. Qf7+ {[%clk
00:01:12]} {[%emt 00:01:11]} Ka6 {[%clk 00:05:45]} {[%emt 00:05:26]} 31. Qxg7
{[%clk 00:01:20]} {[%emt 00:00:21]} Bxe3 {[%clk 00:04:25]} {[%emt 00:01:50]} 32.
b3 {[%clk 00:01:14]} {[%emt 00:00:37]} Qxb3 {[%clk 00:04:18]} {[%emt 00:00:36]}
33. Qxh8 {[%clk 00:00:44]} {[%emt 00:01:00]} Qxa2+ {[%clk 00:04:11]} {[%emt
00:00:37]} 34. Kh3 {[%clk 00:00:56]} {[%emt 00:00:18]} bxa4 {[%clk 00:03:25]}
{[%emt 00:01:16]} 35. Qa8+ {[%clk 00:00:36]} {[%emt 00:00:50]} Kb5 {[%clk
00:03:50]} {[%emt 00:00:05]} 36. Qe8+ {[%clk 00:00:52]} {[%emt 00:00:14]} Kb4
{[%clk 00:01:11]} {[%emt 00:03:09]} 37. Rg4+ {[%clk 00:00:58]} {[%emt
00:00:24]} Rd4 {[%clk 00:01:12]} {[%emt 00:00:29]} 38. Qe7+ {[%clk 00:01:04]}
{[%emt 00:00:24]} Kc3 {[%clk 00:01:10]} {[%emt 00:00:31]} 39. Rg2 {[%clk
00:00:34]} {[%emt 00:01:01]} Rd2 {[%clk 00:01:11]} {[%emt 00:00:29]} 40. Rxd2
{[%clk 00:00:38]} {[%emt 00:00:27]} Kxd2 {[%clk 00:01:07]} {[%emt 00:00:33]} 41.
e6 {[%clk 00:28:54]} {[%emt 00:02:14]} Qd5 {[%clk 00:27:21]} {[%emt 00:04:16]}
42. Kg4 {[%clk 00:25:41]} {[%emt 00:03:43]} Qc4+ {[%clk 00:12:21]} {[%emt
00:15:29]} 43. Kh5 {[%clk 00:22:19]} {[%emt 00:03:53]} Qf4 {[%clk 00:12:32]}
{[%emt 00:00:19]} 44. h4 {[%clk 00:19:59]} {[%emt 00:02:50]} Bf2 {[%clk
00:06:15]} {[%emt 00:06:45]} 45. Kh6 {[%clk 00:17:08]} {[%emt 00:03:23]} Qxh4+
{[%clk 00:06:03]} {[%emt 00:00:41]} 46. Kg7 {[%clk 00:17:29]} {[%emt 00:00:10]}
Bd4+ {[%clk 00:06:02]} {[%emt 00:00:31]} 47. Kg8 {[%clk 00:17:16]} {[%emt
00:00:42]} a3 {[%clk 00:05:51]} {[%emt 00:00:41]} 48. Qxa3 {[%clk 00:15:02]}
{[%emt 00:02:45]} Qxg5+ {[%clk 00:06:00]} {[%emt 00:00:20]} 49. Kf7 {[%clk
00:15:22]} {[%emt 00:00:11]} Qf6+ {[%clk 00:05:57]} {[%emt 00:00:33]} 50. Ke8
{[%clk 00:15:43]} {[%emt 00:00:09]} Qxe6+ {[%clk 00:06:02]} {[%emt 00:00:25]}
 0-1

[Event "The Blackthorne Irish Championship 2019"]
[Site "Talbot Stillorgan Hotel, Dublin, Ireland"]
[Date "2019.08.04"]
[Round "2"]
[Board "18"]
[White "McCarthy, Tim"]
[Black "Byrne, Alex"]
[Result "1-0"]
[WhiteElo "2018"]
[BlackElo "1963"]
[PlyCount "0"]
[EventDate "2019.08.03"]
[EventRounds "9"]
[EventCountry "IRL"]

1. d4 {[%clk 01:45:58]} {[%emt 00:00:01]} Nf6 {[%clk 01:35:44]} {[%emt
00:10:17]} 2. c4 {[%clk 01:46:05]} {[%emt 00:00:22]} e6 {[%clk 01:35:46]}
{[%emt 00:00:29]} 3. Nc3 {[%clk 01:46:01]} {[%emt 00:00:33]} Bb4 {[%clk
01:36:11]} {[%emt 00:00:05]} 4. Qc2 {[%clk 01:45:56]} {[%emt 00:00:35]} c5
{[%clk 01:34:28]} {[%emt 00:02:13]} 5. dxc5 {[%clk 01:46:04]} {[%emt 00:00:22]}
Qa5 {[%clk 01:28:06]} {[%emt 00:06:52]} 6. Bd2 {[%clk 01:44:11]} {[%emt
00:02:23]} Na6 {[%clk 01:15:28]} {[%emt 00:13:08]} 7. e4 {[%clk 01:38:27]}
{[%emt 00:06:13]} Nxc5 {[%clk 01:05:16]} {[%emt 00:10:42]} 8. f3 {[%clk
01:32:07]} {[%emt 00:06:50]} d5 {[%clk 00:50:30]} {[%emt 00:15:17]} 9. cxd5
{[%clk 01:12:13]} {[%emt 00:20:24]} exd5 {[%clk 00:50:40]} {[%emt 00:00:20]} 10.
Bb5+ {[%clk 01:02:44]} {[%emt 00:09:59]} Ncd7 {[%clk 00:34:36]} {[%emt
00:16:34]} 11. Nge2 {[%clk 00:56:46]} {[%emt 00:06:27]} O-O {[%clk 00:31:36]}
{[%emt 00:03:30]} 12. Qa4 {[%clk 00:34:28]} {[%emt 00:22:48]} Bxc3 {[%clk
00:23:13]} {[%emt 00:08:53]} 13. Nxc3 {[%clk 00:27:32]} {[%emt 00:07:26]} Qb6
{[%clk 00:19:21]} {[%emt 00:04:22]} 14. O-O-O {[%clk 00:22:59]} {[%emt
00:05:02]} dxe4 {[%clk 00:14:45]} {[%emt 00:05:06]} 15. fxe4 {[%clk 00:22:02]}
{[%emt 00:01:27]} Nc5 {[%clk 00:14:54]} {[%emt 00:00:23]} 16. Qa3 {[%clk
00:19:07]} {[%emt 00:03:24]} Ncxe4 {[%clk 00:11:47]} {[%emt 00:03:36]} 17. Nxe4
{[%clk 00:18:27]} {[%emt 00:01:10]} Nxe4 {[%clk 00:11:23]} {[%emt 00:00:55]} 18.
Bd3 {[%clk 00:15:59]} {[%emt 00:02:58]} Nf2 {[%clk 00:05:14]} {[%emt 00:06:38]}
19. Bc2 {[%clk 00:11:52]} {[%emt 00:04:37]} Nxh1 {[%clk 00:04:40]} {[%emt
00:01:04]} 20. Rxh1 {[%clk 00:11:31]} {[%emt 00:00:52]} Qc6 {[%clk 00:02:54]}
{[%emt 00:02:16]} 21. Qd3 {[%clk 00:09:44]} {[%emt 00:02:16]} g6 {[%clk
00:02:26]} {[%emt 00:00:58]} 22. Bc3 {[%clk 00:09:00]} {[%emt 00:01:13]} Be6
{[%clk 00:01:37]} {[%emt 00:01:20]} 23. Qd4 {[%clk 00:08:26]} {[%emt 00:01:04]}
f6 {[%clk 00:02:04]} {[%emt 00:00:04]} 24. Re1 {[%clk 00:08:26]} {[%emt
00:00:29]} Kg7 {[%clk 00:01:49]} {[%emt 00:00:46]} 25. g4 {[%clk 00:05:28]}
{[%emt 00:03:27]} Rad8 {[%clk 00:01:55]} {[%emt 00:00:24]} 26. Qe3 {[%clk
00:04:43]} {[%emt 00:01:15]} Bxg4 {[%clk 00:01:15]} {[%emt 00:01:11]} 27. Qe7+
{[%clk 00:04:35]} {[%emt 00:00:37]} Kh8 {[%clk 00:01:04]} {[%emt 00:00:42]} 28.
Rf1 {[%clk 00:03:37]} {[%emt 00:01:28]} Rde8 {[%clk 00:00:44]} {[%emt
00:00:50]} 29. Rxf6 {[%clk 00:03:25]} {[%emt 00:00:41]} Rxf6 {[%clk 00:00:33]}
{[%emt 00:00:42]} 30. Bxf6+ {[%clk 00:03:41]} {[%emt 00:00:13]}  1-0

[Event "The Blackthorne Irish Championship 2019"]
[Site "Talbot Stillorgan Hotel, Dublin, Ireland"]
[Date "2019.08.05"]
[Round "3"]
[Board "2"]
[White "Ryan, Joe"]
[Black "Astaneh Lopez, Alex"]
[Result "0-1"]
[WhiteElo "2268"]
[BlackElo "2431"]
[PlyCount "0"]
[EventDate "2019.08.03"]
[EventRounds "9"]
[EventCountry "IRL"]

1. e4 {[%clk 01:45:30]} {[%emt 00:18:22]} c6 {[%clk 01:44:55]} 2. Nc3 {[%clk
01:45:57]} d5 {[%clk 01:45:20]} 3. Nf3 {[%clk 01:46:11]} dxe4 {[%clk 01:43:40]}
4. Nxe4 {[%clk 01:46:31]} Nf6 {[%clk 01:44:07]} 5. Qe2 {[%clk 01:46:40]} Nxe4
{[%clk 01:43:24]} 6. Qxe4 {[%clk 01:47:01]} Qa5 {[%clk 01:43:48]} 7. Bc4 {[%clk
01:35:25]} {[%emt 00:11:43]} Bf5 {[%clk 01:39:48]} {[%emt 00:04:30]} 8. Qe5
{[%clk 01:22:05]} {[%emt 00:13:49]} Qxe5+ {[%clk 01:40:01]} {[%emt 00:00:18]} 9.
Nxe5 {[%clk 01:22:30]} {[%emt 00:00:05]} e6 {[%clk 01:40:23]} {[%emt 00:00:08]}
10. d3 {[%clk 01:22:07]} {[%emt 00:00:53]} Bd6 {[%clk 01:38:53]} {[%emt
00:02:00]} 11. Nf3 {[%clk 01:22:02]} {[%emt 00:00:35]} h6 {[%clk 01:38:48]}
{[%emt 00:00:35]} 12. Be3 {[%clk 01:21:32]} {[%emt 00:01:00]} Nd7 {[%clk
01:38:56]} {[%emt 00:00:22]} 13. a4 {[%clk 01:21:04]} {[%emt 00:00:58]} Nb6
{[%clk 01:36:42]} {[%emt 00:02:44]} 14. Bb3 {[%clk 01:20:40]} {[%emt 00:00:54]}
Nd5 {[%clk 01:37:04]} {[%emt 00:00:09]} 15. Bd2 {[%clk 01:16:26]} {[%emt
00:04:43]} O-O-O {[%clk 01:34:31]} {[%emt 00:03:02]} 16. h3 {[%clk 01:09:38]}
{[%emt 00:07:19]} g5 {[%clk 01:16:56]} {[%emt 00:18:04]} 17. Nd4 {[%clk
01:06:44]} {[%emt 00:03:24]} Bg6 {[%clk 01:16:41]} {[%emt 00:00:46]} 18. Ne2
{[%clk 01:06:47]} {[%emt 00:00:26]} Be5 {[%clk 01:09:52]} {[%emt 00:07:19]} 19.
O-O-O {[%clk 00:57:16]} {[%emt 00:10:00]} Nf4 {[%clk 01:06:58]} {[%emt
00:03:25]} 20. Nxf4 {[%clk 00:56:18]} {[%emt 00:01:28]} gxf4 {[%clk 01:07:23]}
{[%emt 00:00:05]} 21. Rhe1 {[%clk 00:50:28]} {[%emt 00:06:18]} Bc7 {[%clk
01:06:22]} {[%emt 00:01:33]} 22. Bc3 {[%clk 00:49:12]} {[%emt 00:01:45]} Rhg8
{[%clk 01:06:19]} {[%emt 00:00:33]} 23. f3 {[%clk 00:49:13]} {[%emt 00:00:29]}
Bf5 {[%clk 01:05:54]} {[%emt 00:00:56]} 24. Re2 {[%clk 00:47:48]} {[%emt
00:01:55]} b5 {[%clk 00:59:33]} {[%emt 00:06:51]} 25. axb5 {[%clk 00:44:17]}
{[%emt 00:04:01]} cxb5 {[%clk 00:59:56]} {[%emt 00:00:06]} 26. d4 {[%clk
00:44:02]} {[%emt 00:00:45]} Rd6 {[%clk 00:45:30]} {[%emt 00:14:57]} 27. d5
{[%clk 00:40:10]} {[%emt 00:04:21]} Rgd8 {[%clk 00:45:22]} {[%emt 00:00:40]} 28.
Bf6 {[%clk 00:25:43]} {[%emt 00:14:57]} R8d7 {[%clk 00:44:21]} {[%emt
00:01:31]} 29. Be5 {[%clk 00:22:47]} {[%emt 00:03:25]} Ra6 {[%clk 00:44:37]}
{[%emt 00:00:14]} 30. Bxc7 {[%clk 00:17:18]} {[%emt 00:05:59]} Ra1+ {[%clk
00:43:52]} {[%emt 00:01:16]} 31. Kd2 {[%clk 00:17:33]} {[%emt 00:00:14]} Rxd1+
{[%clk 00:44:18]} {[%emt 00:00:04]} 32. Kxd1 {[%clk 00:17:57]} {[%emt
00:00:06]} Kxc7 {[%clk 00:44:45]} {[%emt 00:00:04]} 33. Ke1 {[%clk 00:16:45]}
{[%emt 00:01:42]} exd5 {[%clk 00:39:26]} {[%emt 00:05:49]} 34. Re5 {[%clk
00:16:17]} {[%emt 00:00:56]} Bg6 {[%clk 00:39:48]} {[%emt 00:00:10]} 35. Kd2
{[%clk 00:15:04]} {[%emt 00:01:43]} Kc6 {[%clk 00:39:29]} {[%emt 00:00:49]} 36.
Re8 {[%clk 00:14:23]} {[%emt 00:01:11]} d4 {[%clk 00:34:25]} {[%emt 00:05:35]}
37. Rh8 {[%clk 00:04:14]} {[%emt 00:10:39]} h5 {[%clk 00:34:12]} {[%emt
00:00:43]} 38. Rc8+ {[%clk 00:04:05]} {[%emt 00:00:40]} Kd6 {[%clk 00:34:06]}
{[%emt 00:00:36]} 39. Rb8 {[%clk 00:04:14]} {[%emt 00:00:21]} Kc5 {[%clk
00:34:16]} {[%emt 00:00:21]} 40. Rc8+ {[%clk 00:04:01]} {[%emt 00:00:44]} Kb4
{[%clk 00:24:59]} {[%emt 00:09:46]} 41. Ba2 {[%clk 00:03:35]} {[%emt 00:00:55]}
a5 {[%clk 00:21:52]} {[%emt 00:03:37]} 42. Rc6 {[%clk 00:23:58]} {[%emt
00:10:08]} a4 {[%clk 00:49:28]} {[%emt 00:02:54]} 43. Ra6 {[%clk 00:19:55]}
{[%emt 00:04:32]} d3 {[%clk 00:33:11]} {[%emt 00:16:47]} 44. c3+ {[%clk
00:16:07]} {[%emt 00:04:18]} Kc5 {[%clk 00:33:15]} {[%emt 00:00:26]} 45. b4+
{[%clk 00:16:30]} {[%emt 00:00:07]} axb3 {[%clk 00:33:29]} {[%emt 00:00:16]} 46.
Bxb3 {[%clk 00:16:52]} {[%emt 00:00:07]} Re7 {[%clk 00:31:51]} {[%emt
00:02:09]} 47. Bd1 {[%clk 00:17:06]} {[%emt 00:00:15]} Re6 {[%clk 00:32:04]}
{[%emt 00:00:18]} 48. Ra8 {[%clk 00:16:30]} {[%emt 00:01:06]} h4 {[%clk
00:32:02]} {[%emt 00:00:32]} 49. Rc8+ {[%clk 00:15:24]} {[%emt 00:01:36]} Kd6
{[%clk 00:31:32]} {[%emt 00:01:00]} 50. Rd8+ {[%clk 00:13:39]} {[%emt
00:02:15]} Kc7 {[%clk 00:24:07]} {[%emt 00:07:55]} 51. Rd4 {[%clk 00:10:30]}
{[%emt 00:03:38]} Ra6 {[%clk 00:24:29]} {[%emt 00:00:09]} 52. Bb3 {[%clk
00:10:23]} {[%emt 00:00:37]} Rf6 {[%clk 00:21:43]} {[%emt 00:03:17]} 53. Ba2
{[%clk 00:08:48]} {[%emt 00:02:05]} Ra6 {[%clk 00:19:19]} {[%emt 00:02:54]} 54.
Bb1 {[%clk 00:08:20]} {[%emt 00:00:58]} Ra1 {[%clk 00:19:27]} {[%emt 00:00:22]}
55. Bxd3 {[%clk 00:07:34]} {[%emt 00:01:16]} Bxd3 {[%clk 00:18:07]} {[%emt
00:01:50]} 56. Rxd3 {[%clk 00:05:20]} {[%emt 00:02:44]} Ra6 {[%clk 00:13:26]}
{[%emt 00:05:12]} 57. Rd4 {[%clk 00:02:10]} {[%emt 00:03:40]} Rd6 {[%clk
00:13:51]} {[%emt 00:00:05]} 58. Kd3 {[%clk 00:02:27]} {[%emt 00:00:12]} Rxd4+
{[%clk 00:14:14]} {[%emt 00:00:07]} 59. Kxd4 {[%clk 00:02:44]} {[%emt
00:00:14]} Kc6 {[%clk 00:14:42]} {[%emt 00:00:02]} 60. Kd3 {[%clk 00:01:39]}
{[%emt 00:01:34]} Kc5 {[%clk 00:13:29]} {[%emt 00:01:44]} 61. Kd2 {[%clk
00:01:21]} {[%emt 00:00:48]} Kc4 {[%clk 00:12:37]} {[%emt 00:01:22]} 62. Kc2
{[%clk 00:01:45]} {[%emt 00:00:06]} f6 {[%clk 00:12:37]} {[%emt 00:00:31]} 63.
Kb2 {[%clk 00:01:06]} {[%emt 00:01:09]} Kd3 {[%clk 00:11:42]} {[%emt 00:01:25]}
64. Kb3 {[%clk 00:01:31]} {[%emt 00:00:06]} Ke2 {[%clk 00:07:17]} {[%emt
00:04:55]} 65. Kb4 {[%clk 00:01:55]} {[%emt 00:00:06]} Kf2 {[%clk 00:07:43]}
{[%emt 00:00:03]} 66. Kxb5 {[%clk 00:02:20]} {[%emt 00:00:06]} Kxg2 {[%clk
00:08:10]} {[%emt 00:00:03]} 67. c4 {[%clk 00:02:44]} {[%emt 00:00:06]} Kxf3
{[%clk 00:08:29]} {[%emt 00:00:11]} 68. c5 {[%clk 00:03:09]} {[%emt 00:00:06]}
Kg3 {[%clk 00:08:41]} {[%emt 00:00:18]} 69. c6 {[%clk 00:03:34]} {[%emt
00:00:05]} f3 {[%clk 00:09:09]} {[%emt 00:00:02]} 70. c7 {[%clk 00:03:59]}
{[%emt 00:00:05]} f2 {[%clk 00:09:37]} {[%emt 00:00:02]} 71. c8=Q {[%clk
00:04:24]} {[%emt 00:00:05]} f1=Q+ {[%clk 00:10:04]} {[%emt 00:00:03]} 72. Kb4
{[%clk 00:03:26]} {[%emt 00:01:28]} f5 {[%clk 00:09:52]} {[%emt 00:00:41]} 73.
Qg8+ {[%clk 00:00:59]} {[%emt 00:02:57]} Kxh3 {[%clk 00:09:04]} {[%emt
00:01:19]} 74. Qg5 {[%clk 00:01:09]} {[%emt 00:00:19]} Qf3 {[%clk 00:09:10]}
{[%emt 00:00:25]} 75. Kc5 {[%clk 00:01:15]} {[%emt 00:00:24]} f4 {[%clk
00:08:39]} {[%emt 00:01:01]} 76. Kd4 {[%clk 00:01:18]} {[%emt 00:00:27]} Qg3
{[%clk 00:07:48]} {[%emt 00:01:20]} 77. Qf5+ {[%clk 00:01:35]} {[%emt
00:00:15]} Kg2 {[%clk 00:07:52]} {[%emt 00:00:26]}  0-1

[Event "The Blackthorne Irish Championship 2019"]
[Site "Talbot Stillorgan Hotel, Dublin, Ireland"]
[Date "2019.08.05"]
[Round "3"]
[Board "4"]
[White "Baburin, Alexander"]
[Black "O'Connor, Jonathan"]
[Result "1/2-1/2"]
[WhiteElo "2432"]
[BlackElo "2165"]
[PlyCount "0"]
[EventDate "2019.08.03"]
[EventRounds "9"]
[EventCountry "IRL"]

1. d4 {[%clk 01:43:37]} Nf6 {[%clk 01:45:51]} 2. c4 {[%clk 01:43:11]} e6 {[%clk
01:46:11]} 3. Nc3 {[%clk 01:43:36]} Bb4 {[%clk 01:46:35]} 4. Qc2 {[%clk
01:42:56]} b6 {[%clk 01:46:51]} 5. e4 {[%clk 01:42:13]} c5 {[%clk 01:46:58]} 6.
d5 {[%clk 01:39:06]} {[%emt 00:03:17]} Qe7 {[%clk 01:46:50]} {[%emt 00:00:37]}
7. Nge2 {[%clk 01:36:55]} {[%emt 00:02:41]} exd5 {[%clk 01:45:51]} {[%emt
00:01:30]} 8. exd5 {[%clk 01:37:11]} {[%emt 00:00:14]} d6 {[%clk 01:44:07]}
{[%emt 00:02:13]} 9. Bd2 {[%clk 01:24:29]} {[%emt 00:13:11]} O-O {[%clk
01:38:24]} {[%emt 00:06:13]} 10. O-O-O {[%clk 01:18:07]} {[%emt 00:06:52]} Nbd7
{[%clk 01:31:31]} {[%emt 00:07:23]} 11. Ng3 {[%clk 01:11:19]} {[%emt 00:07:19]}
Ne5 {[%clk 01:29:04]} {[%emt 00:02:57]} 12. Re1 {[%clk 01:08:27]} {[%emt
00:03:22]} Qd8 {[%clk 01:27:13]} {[%emt 00:02:22]} 13. f4 {[%clk 01:03:40]}
{[%emt 00:05:17]} Ng6 {[%clk 01:24:44]} {[%emt 00:02:58]} 14. h4 {[%clk
00:57:05]} {[%emt 00:07:05]} h6 {[%clk 01:02:01]} {[%emt 00:23:14]} 15. h5
{[%clk 00:48:39]} {[%emt 00:08:56]} Ne7 {[%clk 01:02:25]} {[%emt 00:00:06]} 16.
Bd3 {[%clk 00:30:31]} {[%emt 00:18:39]} a6 {[%clk 00:59:39]} {[%emt 00:03:15]}
17. Nce4 {[%clk 00:22:27]} {[%emt 00:08:33]} Nxe4 {[%clk 00:57:20]} {[%emt
00:02:50]} 18. Bxe4 {[%clk 00:22:35]} {[%emt 00:00:22]} Bxd2+ {[%clk 00:57:30]}
{[%emt 00:00:20]} 19. Qxd2 {[%clk 00:22:28]} {[%emt 00:00:37]} f5 {[%clk
00:43:31]} {[%emt 00:14:29]} 20. Bd3 {[%clk 00:18:38]} {[%emt 00:04:20]} b5
{[%clk 00:43:39]} {[%emt 00:00:22]} 21. Nf1 {[%clk 00:15:09]} {[%emt 00:03:59]}
 1/2-1/2

[Event "The Blackthorne Irish Championship 2019"]
[Site "Talbot Stillorgan Hotel, Dublin, Ireland"]
[Date "2019.08.05"]
[Round "3"]
[Board "9"]
[White "Kanyamarala, Trisha"]
[Black "Carroll, Peter"]
[Result "1-0"]
[WhiteElo "2238"]
[BlackElo "2062"]
[PlyCount "0"]
[EventDate "2019.08.03"]
[EventRounds "9"]
[EventCountry "IRL"]

1. d4 {[%clk 01:45:53]} {[%emt 01:06:48]} Nf6 {[%clk 01:45:57]} 2. c4 {[%clk
01:46:04]} e6 {[%clk 01:46:22]} 3. Nf3 {[%clk 01:45:58]} Bb4+ {[%clk 01:46:50]}
4. Bd2 {[%clk 01:46:06]} a5 {[%clk 01:47:18]} 5. Nc3 {[%clk 01:45:29]} b6
{[%clk 01:47:10]} 6. e3 {[%clk 01:43:24]} O-O {[%clk 01:46:54]} 7. Bd3 {[%clk
01:42:07]} {[%emt 00:01:30]} Bb7 {[%clk 01:47:10]} {[%emt 00:00:10]} 8. O-O
{[%clk 01:41:18]} {[%emt 00:01:23]} d6 {[%clk 01:46:51]} {[%emt 00:00:49]} 9.
Qe2 {[%clk 01:34:12]} {[%emt 00:07:36]} Nbd7 {[%emt 00:00:21]} 10. e4 {[%clk
01:28:34]} {[%emt 00:06:00]} e5 {[%clk 01:46:17]} {[%emt 00:01:20]} 11. Nd5
{[%clk 01:12:49]} {[%emt 00:16:16]} Bxd2 {[%clk 01:45:39]} {[%emt 00:01:08]} 12.
Qxd2 {[%clk 01:13:13]} {[%emt 00:00:06]} exd4 {[%clk 01:45:16]} {[%emt
00:00:52]} 13. Nxd4 {[%clk 01:13:32]} {[%emt 00:00:12]} Nc5 {[%clk 01:43:04]}
{[%emt 00:02:42]} 14. f3 {[%clk 01:08:59]} {[%emt 00:05:02]} Nxd5 {[%clk
01:38:29]} {[%emt 00:05:06]} 15. exd5 {[%clk 01:06:55]} {[%emt 00:02:32]} Ba6
{[%clk 01:28:57]} {[%emt 00:10:04]} 16. Be2 {[%clk 00:55:30]} {[%emt 00:11:54]}
Qh4 {[%clk 01:25:38]} {[%emt 00:03:48]} 17. b3 {[%clk 00:51:43]} {[%emt
00:04:18]} Rfe8 {[%clk 01:25:21]} {[%emt 00:00:47]} 18. Bd1 {[%clk 00:47:57]}
{[%emt 00:04:15]} Nd7 {[%clk 01:11:44]} {[%emt 00:14:08]} 19. Bc2 {[%clk
00:46:17]} {[%emt 00:02:09]} Ne5 {[%clk 01:09:29]} {[%emt 00:02:44]} 20. Nf5
{[%clk 00:42:22]} {[%emt 00:04:26]} Qf6 {[%clk 00:58:31]} {[%emt 00:11:28]} 21.
f4 {[%clk 00:38:46]} {[%emt 00:04:06]} Ng6 {[%clk 00:56:08]} {[%emt 00:02:53]}
22. Ng3 {[%clk 00:38:02]} {[%emt 00:01:14]} Bc8 {[%clk 00:51:50]} {[%emt
00:04:48]} 23. f5 {[%clk 00:36:43]} {[%emt 00:01:50]} Ne5 {[%clk 00:51:57]}
{[%emt 00:00:22]} 24. Ne4 {[%emt 00:06:14]}  1-0